LEADER 01082nam 2200373 450 001 9910317620003321 005 20221015231713.0 010 $a953-51-5247-5 035 $a(CKB)4970000000097884 035 $a(NjHacI)994970000000097884 035 $a(EXLCZ)994970000000097884 100 $a20221015d2012 uy 0 101 0 $aeng 135 $aur||||||||||| 181 $ctxt$2rdacontent 182 $cc$2rdamedia 183 $acr$2rdacarrier 200 00$aBrain damage $ebridging between basic research and clinics /$fedited by Alina Gonzalez-Quevedo 210 1$aRijeka, Croatia :$cIntechOpen,$d[2012] 210 4$dİ2012 215 $a1 online resource (296 pages) $cillustrations 311 $a953-51-0375-X 320 $aIncludes bibliographical references. 517 $aBrain damage 606 $aBrain damage 615 0$aBrain damage. 676 $a617.481044 702 $aGonzalez-Quevedo$b Alina 801 0$bNjHacI 801 1$bNjHacl 906 $aBOOK 912 $a9910317620003321 996 $aBrain damage$92951827 997 $aUNINA LEADER 01765nam 2200409 a 450 001 9910696989403321 005 20230902161812.0 035 $a(CKB)5470000002382994 035 $a(OCoLC)526803632 035 $a(EXLCZ)995470000002382994 100 $a20100223d2009 ua 0 101 0 $aeng 135 $aurmn||||||||| 181 $ctxt$2rdacontent 182 $cc$2rdamedia 183 $acr$2rdacarrier 200 10$aAffordable housing in transit-oriented development$b[electronic resource] $ekey practices could enhance recent collaboration efforts between DOT-FTA and HUD : report to the Chairman, Subcommittee on Transportation, Housing, and Urban Development, and Related Agencies, Committee on Appropriations, U.S. House of Representatives 210 1$a[Washington, D.C.] :$cU.S. Govt. Accountability Office,$d[2009] 215 $a1 online resource (iii, 60 pages) $cillustrations, map 300 $aTitle from PDF title screen (GAO, viewed Feb. 1, 2010). 300 $a"September 2009." 300 $a"GAO-09-871." 320 $aIncludes bibliographical references. 517 $aAffordable housing in transit-oriented development 606 $aHousing policy$zUnited States 606 $aLocal transit$xGovernment policy$zUnited States 606 $aCity planning$zUnited States 615 0$aHousing policy 615 0$aLocal transit$xGovernment policy 615 0$aCity planning 712 02$aUnited States.$bCongress.$bHouse.$bCommittee on Appropriations.$bSubcommittee on Transportation, Housing and Urban Development, and Related Agencies. 801 0$bGPO 801 1$bGPO 906 $aBOOK 912 $a9910696989403321 996 $aAffordable housing in transit-oriented development$93524734 997 $aUNINA LEADER 01684oam 2200277z- 450 001 9910156210703321 005 20230913112557.0 010 $a1-63477-417-5 035 $a(CKB)3710000000985276 035 $a(BIP)057961727 035 $a(EXLCZ)993710000000985276 100 $a20210505c2016uuuu -u- - 101 0 $aeng 200 10$aEthan 210 $cHarmony Ink Press 215 $a1 online resource (210 p.) $cill 311 $a1-63477-416-7 330 8 $aSchool-wide, fifteen-year-old Carter Stevenson is known as "that twitchy, stuttering kid" thanks to his Tourette's syndrome. After a disastrous talent show places him at the center of attention, he dreams of disappearing. When his parents announce the family is moving cross-country, that dream comes true. He'll lay low through the summer in his new quiet California town, and when school starts, he'll keep to himself. No one will ever be the wiser. He doesn't anticipate Ethan. Seventeen-year-old Ethan Hart, the neighbors' older son, is a few years into recovery from a traumatic brain injury. He is sensitive, joyous, and uninhibited. To him, Carter moves like the music only Ethan sees. He knows he and Carter are destined to be best friends and then boyfriends, if only Carter would get on the same wavelength. Carter isn't sure about a social life, but as Ethan introduces him to a new world of friends who accept him, tics and all, he starts to see the bright side of not hiding away. 610 $aChildren's fiction 610 $aDiseases 610 $aJuvenile fiction 700 $aLoveless$b Ryan$01436805 906 $aBOOK 912 $a9910156210703321 996 $aEthan$93596195 997 $aUNINA